Worst NBA Players by Career Plus/Minus - Statistics

General Stats
  • This quiz has been taken 31 times
  • The average score is 3 of 25
Answer Stats
Teams they played for Answer % Correct
Timberwolves, Bulls Zach LaVine
47%
Supersonics, Thunder,Celtics, Grizzlies, Clippers, Magic, Cavaliers, Wizards, Jazz, Rockets, Nets, Nuggets Jeff Green
37%
Hornets, Heat, Cavaliers,Celtics, Timberwolves, Clippers Ricky Davis
32%
Cavaliers Collin Sexton
26%
Trailblazers, Pacers, Raptors,Hornets, Warriors, Cavaliers, Nets, Pelicans, Knicks Jarrett Jack
26%
Hornets, Raptors, Magic Bismack Biyombo
21%
Lakers, Pelicans, Knicks Julius Randle
21%
Wizards, Nuggets, Mavericks,Magic, Rockets, Hornets, Trailblazers, Heat Juwan Howard
21%
Clippers, Timberwolves, Celtics Michael Olowokandi
11%
Bucks, Timberwolves, Cavaliers, Lakers, Hornets, Wizards, Kings, Knicks Ramon Sessions
11%
Celtics, Timberwolves, Jazz,Hornets, Pacers Al Jefferson
5%
Magic, Clippers, Warriors, Bucks, Hornets, Pistons Corey Maggette
5%
Supersonics, Thunder,Timberwolves, Hawks, Pistons, 76ers, Pacers Damien Wilkins
5%
Bulls, Knicks, Heat, Mavericks Eddy Curry
5%
Supersonics, Bucks, Timberwolves, Hornets, Magic Luke Ridnour
5%
Kings, Suns, 76ers, Cavaliers,Clippers, Hornets, Bucks Spencer Hawes
5%
Bulls, Timberwolves, Mavericks, Nets Trenton Hassell
5%
Pistons, Bucks, Suns,Rockets, Cavaliers Brandon Knight
0%
Grizzlies, Bulls, Bucks, Suns,Bobcats, Hornets Hakim Warrick
0%
Cavaliers, Kings, Trailblazers,Nuggets, Wizards JJ Hickson
0%
76ers, Kings, Bulls, Bucks,Raptors, Pelicans John Salmons
0%
Jazz, Raptors, Mavericks,Nets, Celtics, Wizards, Hawks Kris Humphries
0%
Celtics, Timberwolves, Clippers, Thunders Ryan Gomes
0%
Trailblazers, Celtics, Timberwolves, Clippers, Cavaliers, Suns, Raptors, Thunders Sebastian Telfair
0%
Grizzlies, Hawks, Trailblazers, Kings Shareef Abdur-Raheem
0%
No matching quizzes found
Score Distribution
Percent of People with Each Score
Percentile by Number Answered
Your Score History
You have not taken this quiz